000 00374nam a22001577a 4500
005 20260408114301.0
008 160628b xxu||||| |||| 00| 0 eng d
041 _aeng
082 _a823.64
100 _aGabriel García Márquez
_98947
245 _aStrange Pilgrims
260 _bPenguin
_c1993
300 _a188
650 _aSpanish language fiction
_98948
942 _cBK
999 _c4567
_d4565